书目信息 |
| 题名: |
信息量与认知风格对击剑运动员决策速度、准确性和稳定性的影响
|
|
| 作者: | 付全 著 | |
| 分册: | ||
| 出版信息: | 北京 北京体育大学出版社 2009 |
|
| 页数: | 110页 | |
| 开本: | 23cm | |
| 丛书名: | 中国体育博士文丛 | |
| 单 册: | ||
| 中图分类: | G885.014 | |
| 科图分类: | ||
| 主题词: | 击剑--体育心理学--研究 , 击剑 , 体育心理学 | |
| 电子资源: | ||
| ISBN: | 978-7-81100-927-9 | |
| 000 | 00986oam2 2200277 45 | |
| 001 | 1130721765 | |
| 005 | 20110310095715.15 | |
| 010 | @a978-7-81100-927-9@dCNY28.00 | |
| 100 | @a20110122d2009 ekmy0chiy0121 ea | |
| 101 | 0 | @achi@deng |
| 102 | @aCN@b110000 | |
| 105 | @aak a 000yy | |
| 106 | @ar | |
| 200 | 1 | @a信息量与认知风格对击剑运动员决策速度、准确性和稳定性的影响@AXin Xi Liang Yu Ren Zhi Feng Ge Dui Ji Jian Yun Dong Yuan Jue Ce Su Du、 Zhun Que Xing He Wen Ding Xing De Ying Xiang@f付全著@FFu Quan Zhu |
| 210 | @a北京@c北京体育大学出版社@d2009 | |
| 215 | @a110页@c图@d23cm | |
| 225 | 2 | @a中国体育博士文丛 |
| 330 | @a本书内容包括前言、优秀击剑运动员决策测试系统V1.0的设计与开发、方法、结果、讨论以及结论的内容。 | |
| 461 | 0 | @12001 @a中国体育博士文丛 |
| 606 | 0 | @a击剑@x体育心理学@x研究 |
| 606 | 0 | @a击剑 |
| 606 | 0 | @a体育心理学 |
| 690 | @aG885.014@v4 | |
| 701 | 0 | @a付全@AFu Quan@4著 |
| 801 | 0 | @aCN@bTANGWEI@c20110310 |
| 905 | @b0531696-700@dG885.014@e81@f5 | |
| 信息量与认知风格对击剑运动员决策速度、准确性和稳定性的影响/付全著.-北京:北京体育大学出版社,2009 |
| 110页:图;23cm.-(中国体育博士文丛) |
| ISBN 978-7-81100-927-9:CNY28.00 |
| 本书内容包括前言、优秀击剑运动员决策测试系统V1.0的设计与开发、方法、结果、讨论以及结论的内容。 |
| ● |
| 相关链接 |
|
|
|
|
正题名:信息量与认知风格对击剑运动员决策速度、准确性和稳定性的影响
索取号:G885.014/81
 
预约/预借
| 序号 | 登录号 | 条形码 | 馆藏地/架位号 | 状态 | 备注 |
| 1 | 0531696 | 205316969 | 第一样本阅览室/ [索取号:G885.014/81] | 在馆 | |
| 2 | 0531697 | 205316978 | 第四借阅区/ [索取号:G885.014/81] | 在馆 | |
| 3 | 0531698 | 205316987 | 第四借阅区/ [索取号:G885.014/81] | 在馆 | |
| 4 | 0531699 | 205316996 | 第四借阅区/ [索取号:G885.014/81] | 在馆 | |
| 5 | 0531700 | 205317003 | 密集书库-体育系/ [索取号:G885.014/81] | 在馆 |